00605nam a2200205Ia 4500008004100000020001500041050001000056050001500066100002400081245002700105245003400132260001400166260002100180260000900201300001800210300001100228650002700239999001900266952011400285160319s9999 xx 000 0 und d a9712330761 a808.8 bC335p 2001 aCasanova, Arthur P. aPanitikang pilipino /  cArthur P. Casanova...[et al.] aManila :  bRex Book Store,  c2001 axi, 350 p. ;  c22 cm. aPhilippine Literature. c292179d292179 001040aSSISBbSSISBcFILd2016-03-19l0oFil 808.8 C335p 2001pUS 0309r2016-03-19 00:00:00w2016-03-19yBK